| 000 | 01531aam a2200337 i 4500 | ||
|---|---|---|---|
| 001 | 768714001 | ||
| 003 | CO-MdFUSB | ||
| 005 | 20211103124533.0 | ||
| 007 | ta | ||
| 008 | 211103t1981 ck aco|| |||| 00| 0 spa d | ||
| 020 | _a[No incluye ISBN] | ||
| 040 |
_bspa. _aCO-MdFUSB _cCO-MdFUSB _dCO-MdFUSBC _erda |
||
| 041 | _aspa | ||
| 082 | 0 | 4 |
_a980.46 _223 _bF8996i |
| 100 | 1 |
_aFriedemann, Nina S. de _eautor |
|
| 245 | 1 | 0 |
_aIndigenismo y aniquilamiento de indígenas en Colombia _c/ Nina S. de Friedemann , Juan Friede , Dario Fajardo |
| 250 | _asegunda edición | ||
| 264 | 1 |
_aBogotá, Colombia : _bCentro de Investigación y Educación Cooperativas CIEC, _c[1981] |
|
| 264 | 4 | _c© 1981 | |
| 300 |
_a140 páginas _bincluye fotografías a blanco y negro _c; 19 cm |
||
| 336 |
_2rdacontent _atexto _btxt |
||
| 337 |
_2rdamedia _asin mediación _bn |
||
| 338 |
_2rdacarrier _avolumen _bnc |
||
| 505 | _aBartolomé de las Casa y su lucha en pro de la justicia social. -- Niveles contemporáneos de indigenismo en Colombia. -- La fiesta del Indio en Quibdó: un caso de relaciones interétnicas en Colombia. -- Los sectores indígenas en el Desarrollo del Capitalismo en Colombia. -- Las luchas indígenas por la Tierra en el Tolima durante el siglo XX. -- Ensayo fotográfico EMBERA EN CATRU, CHOCÓ. Ensayo fotográfico: EMBERA EN QUIMBDÓ, CHOCÓ. | ||
| 563 | _aRústico | ||
| 653 | _aIndigenismo | ||
| 700 |
_95867 _aFriede, Juan, _eautor |
||
| 700 |
_95868 _aFajardo, Darío, _eautor |
||
| 942 | _cBK | ||
| 945 | _aJTF-925 | ||
| 999 |
_c43305 _d43305 |
||